Teoría general de la programación (Registro nro. 5256)
[ vista simple ]
| 000 -LEADER | |
|---|---|
| fixed length control field | 01402 a2200205 4500 |
| 001 - CONTROL NUMBER | |
| control field | 53832 |
| 005 - DATE AND TIME OF LATEST TRANSACTION | |
| control field | 20260407155809.0 |
| 008 - FIXED-LENGTH DATA ELEMENTS--GENERAL INFORMATION | |
| fixed length control field | 260407a1971 arg spa d |
| 003 - CONTROL NUMBER IDENTIFIER | |
| control field | AR-UNSa-BCEJYS |
| 040 ## - CATALOGING SOURCE | |
| Original cataloging agency | AR-UNSa-BCEJYS |
| Language of cataloging | spa |
| Transcribing agency | AR-UNSa-BCEJYS |
| 080 ## - UNIVERSAL DECIMAL CLASSIFICATION NUMBER | |
| Universal Decimal Classification number | 338 |
| Common auxiliary subdivision | Situación económica. Política económica. Gestión de la economía. Planificación de la economía. Producción. Servicios. Precios |
| 100 1# - MAIN ENTRY--PERSONAL NAME | |
| Personal name | Lange, Oskar |
| 245 10 - TITLE STATEMENT | |
| Title | Teoría general de la programación |
| Name of part/section of a work | (decisiones optimas) |
| 264 #1 - PRODUCTION, PUBLICATION, DISTRIBUTION, MANUFACTURE, AND COPYRIGHT NOTICE | |
| Place of production, publication, distribution, manufacture | Barcelona : |
| Name of producer, publisher, distributor, manufacturer | Ariel |
| Date of production, publication, distribution, manufacture, or copyright notice | 1971 |
| 300 ## - PHYSICAL DESCRIPTION | |
| Extent | 410 p. |
| Dimensions | 19 cm. |
| 505 ## - FORMATTED CONTENTS NOTE | |
| Formatted contents note | I. Los diferentes tipos de modelo de programación - II. Principios generales de la teoría de la programación - III. Programación marginal - IV. La programación lineal - V. El análisis de actividades - VI. La programación en caso de multiplicidad de objetivos - VII. La programación en casos de incertidumbre - VIII. Programación dinámica de compras y existencias en condiciones de seguridad - IX. La programación dinámica de compras y existencias en condiciones de incertidumbre - X. Programación dinámica de la producción en condiciones de certidumbre - XI. Programación dinámica de la producción en condiciones de incertidumbre - XII. La programación en condiciones de incertidumbre absoluta |
| 590 ## - LOCAL NOTE (RLIN) | |
| Local note | niveau_biblio:m niveau_hierar:0 |
| 700 1# - ADDED ENTRY--PERSONAL NAME | |
| Personal name | Bustamante Ortiz, Meliton |
| 942 ## - ADDED ENTRY ELEMENTS (KOHA) | |
| Koha item type | |
| Withdrawn status | Lost status | Damaged status | Not for loan | Home library | Current library | Shelving location | Date acquired | Total checkouts | Full call number | Barcode | Date last seen | Price effective from | Koha item type |
|---|---|---|---|---|---|---|---|---|---|---|---|---|---|
| Biblioteca Prof. Eusebio Cleto del Rey | Biblioteca Prof. Eusebio Cleto del Rey | 07/04/2026 | 338 L274 | L13448 | 07/04/2026 | 07/04/2026 | Libro |